Impares.

সংরক্ষণ করুন:
গ্রন্থ-পঞ্জীর বিবরন
প্রধান লেখক: Cabrera Torrico, Pablo (edición)
অন্যান্য লেখক: Novoa Sepúlveda, Marcelo (textos)
বিন্যাস: গ্রন্থ
ভাষা:স্প্যানিশ
প্রকাশিত: [Chile]: [Ograma Impresores], 2023.
সংস্করন:1ra. edición.
বিষয়গুলি:
ট্যাগগুলো: ট্যাগ যুক্ত করুন
কোনো ট্যাগ নেই, প্রথমজন হিসাবে ট্যাগ করুন!

MARC

LEADER 00000nam a22000007a 4500
003 CL-VaPUC
005 20250429090148.0
008 250428t2023 ||||| |||| 00| 0 spa d
999 |c 449197  |d 449195 
020 |a 978-956-416-362-8 
040 |c Pontificia Universidad Católica de Valparaíso 
082 |2 22  |a 779.4 CAB 2023 
100 |9 902431  |a Cabrera Torrico, Pablo  |e edición 
245 |a Impares. 
250 |a 1ra. edición. 
260 |a [Chile]:  |b [Ograma Impresores],  |c 2023. 
300 |a [40 páginas sin numeración]:  |b fotografías. 
500 |a c.1-2: Instituto Arcos. 08-01-2025 
583 |c 20250428  |k Yessy Sthefany Diaz Vidal 
650 0 |9 545420  |a Paisajes urbanos  |v Fotografías artísticas  |v Fotografías en blanco y negro 
700 |9 902432  |a Novoa Sepúlveda, Marcelo  |e textos 
942 |2 ddc  |c BK  |n 1 
952 |0 0  |1 0  |2 ddc  |4 0  |6 779_400000000000000_CAB_2023  |7 0  |8 A  |9 602778  |a BIBINC  |b BIBINC  |d 2025-04-28  |e Instituto Arcos  |i 5667335  |o 779.4 CAB 2023  |p 5667335  |r 2025-04-28  |t 1  |w 2025-04-28  |y BK  |k IFP 
952 |0 0  |1 0  |2 ddc  |4 0  |6 779_400000000000000_CAB_2023  |7 0  |8 A  |9 602779  |a BIBINC  |b BIBINC  |d 2025-04-28  |e Instituto Arcos  |i 5667337  |o 779.4 CAB 2023  |p 5667337  |r 2025-04-28  |t 2  |w 2025-04-28  |y BK  |k IFP